000
00308nam a22001337a 4500
008
170620b xxu||||| |||| 00| 0 eng d
020
_a
9780078127564
041
_a
eng
080
_6
9 ED
_a
32
100
_a
20
101
_a
shp
245
_a
TAKING SIDES DRUGSAND SOCIETY
_c
GOLDBERG.R
942
_2
udc
_c
BK
999
_c
18199
_d
18199